| 000 | 01243cam a22003497a 4500 | ||
|---|---|---|---|
| 003 | CHAP | ||
| 005 | 20220329142624.0 | ||
| 008 | 010926d mx r 00110 spa d | ||
| 010 | _a85737 | ||
| 011 | _a86709 | ||
| 020 | _a9688057274 | ||
| 035 | _a97249 | ||
| 040 | _cCHAP | ||
| 090 | _aFolleto 16437 | ||
| 110 | 0 |
_aComisión Nacional de Derechos Humanos. México _925764 |
|
| 245 | 1 | 0 |
_aPropuesta y reporte sobre el sistema penitenciario mexicano _c/por Comisión Nacional de Derechos Humanos |
| 260 |
_aMéxico, D.F. : _bComisión Nacional de Derechos Humanos, _c1991 |
||
| 300 |
_a65 p. ; _bgráfs. |
||
| 590 |
_aBATCH-UPD _b10 _c20130110 _lUCH01 _h0515 |
||
| 590 |
_aBATCH-UPD _b10 _c20130410 _lUCH01 _h0153 |
||
| 590 |
_aBATCH-UPD _b10 _c20130914 _lUCH01 _h1144 |
||
| 590 |
_aCONVERSION _b10 _c20130109 _lUCH01 _h1348 |
||
| 650 | 1 | 4 |
_aDerechos humanos _xMéxico. _931923 |
| 650 | 1 | 4 |
_aPrisiones _xMéxico. _991669 |
| 650 | 1 | 4 |
_aSalud pública _zMéxico. _9101844 |
| 700 | 0 |
_aBarreda Solórzano, Luis de la. _910356 |
|
| 700 | 0 |
_aSalinas Beristáin, Laura. _9101636 |
|
| 901 | _aBK | ||
| 942 | _cFOLL | ||
| 949 |
_aFolleto 16437 _bBC _cFOLL _d33724002010983 _eTS1 _i97249 _sb |
||
| 949 |
_aFolleto16437 _bBC _cFOLL _d97249222 _eTS2 _fc.2 _i97249 _sb |
||
| 999 |
_c85737 _d85737 |
||